000 00385nam a2200133Ia 4500
008 100328s9999 xx 000 0 und d
082 _b29960
100 _aदेशपांडे वा.ह.
245 _aघरंदाज गायकी
260 _bमौज
630 _aघरंदाज गायकी
730 _aघरंदाज गायकी
942 _cBOOK
999 _c520954
_d520951